000 00566nam a2200217Ia 4500
003 OSt
005 20221005133707.0
006 a|||||r|||| 00| 0
007 ta
008 221004b |||||||| |||| 00| 0 pan d
024 _a63420
037 _cTextual
040 _aCRL
_cCRL
_bpan
041 _2pan
_apan
082 _aQ8441:45.281, 153J2
245 0 _aਇਤਹਾਸ ਦਿੱਲੀ ਦੇ ਗੁਰਦੁਆਰੇ
260 _c1952
650 _aਧਰਮ
942 _hQ8441:45.281, 153J2
_cTEXL
_2cc
999 _c1067587
_d1067587